Statistics for CFB - Florida Gators 2023-2024 Active Roster

Click here to take the quiz!

General Stats

  • This quiz has been taken 13 times
  • The average score is 6 of 22

Answer Stats

HintAnswer% Correct
QBGraham Mertz
100%
RBTrevor Etienne
64%
WRRickey Pearsall
55%
WREugene Wilson III
45%
CBJason Marshall Jr.
45%
WRKahleil Jackson
36%
FSMiguel Mitchell
36%
DTDesmond Watson
27%
DETyreak Sapp
27%
TEDante Zanders
18%
MLBDerek Wingo
18%
CBJalen Kimber
18%
LTKamryn Waites
18%
CKingsley Eguakun
18%
RGMicah Mazzccua
18%
SSR.J. Moten
18%
DEJack Pyburn
9%
RTLyndell Huson II
9%
MLBMannie Nunnery
9%
LBMannie Nunnery
9%
LBPrincely Umanmielen
9%
LGRichie Leonard IV
9%

Score Distribution

Percentile by Number Answered

Percent of People with Each Score

Your Score History

You have not taken this quiz